000 01137nam0a2200301 4500
001 RU\NLR\BIBL_A\010362122
005 20160926170153.0
035 _a(NLR Aleph) 010362122
090 _a9580718
_c9580718
100 _a20140529d1931 uu y0rusy50 ca
101 0 _arus
_axal
102 _aRU
105 _ay||||||||||||
200 1 _aОрс-хальмг словарь
_fПеткин Черн
_gйасврнь Батан Бадмин
210 _aШарту
_cРСФСР ОГИЗ Н.-В. Крайин изд-во
_d1931
215 _a275,[1] с.
_d14
300 _aЛатин. графика
541 1 _aРусско-калмыцкий словарь
_zrus
606 1 _aРусский язык
_xСловари
_xКалмыцкий язык
_2nlr_sh1
_3RU\NLR\AUTH\66499083
686 1 _aШ141.12-48
686 1 _aШ164.3-48
700 1 _aПеткиев
_bЦ. П.
_f1877-1967
_gЦерен Петкиевич
_3RU\NLR\AUTH\770133966
_4070
702 1 _aБадмаев
_bБ.
_4340
852 _aNLR
_bОНЛ
_jКалм./1-335
852 _aNLR
_bОНЛ
_jКалм./1-335
942 _cBOOK
980 _aNB